No ordinary moments : (Record no. 31774)

000 -LEADER
fixed length control field 00938cam a2200253 a 4500
001 - CONTROL NUMBER
control field 1086743
005 - DATE AND TIME OF LATEST TRANSACTION
control field 20230728114316.0
008 - FIXED-LENGTH DATA ELEMENTS--GENERAL INFORMATION
fixed length control field 920302s1992 cau 000 0 eng
010 ## - LIBRARY OF CONGRESS CONTROL NUMBER
LC control number 92009545
020 ## - INTERNATIONAL STANDARD BOOK NUMBER
International Standard Book Number 0915811405 :
Terms of availability $12.95
040 ## - CATALOGING SOURCE
Original cataloging agency DLC
Transcribing agency DLC
Modifying agency DLC
050 00 - LIBRARY OF CONGRESS CALL NUMBER
Classification number BL624
Item number .M49 1992
082 00 - DEWEY DECIMAL CLASSIFICATION NUMBER
Classification number 291.4/4
Edition number 21
100 1# - MAIN ENTRY--PERSONAL NAME
Personal name Millman, Dan.
245 10 - TITLE STATEMENT
Title No ordinary moments :
Remainder of title a peaceful warrior's guide to daily life /
Statement of responsibility, etc. Dan Millman.
260 ## - PUBLICATION, DISTRIBUTION, ETC. (IMPRINT)
Place of publication, distribution, etc. Tiburon, Calif. :
Name of publisher, distributor, etc. H.J. Kramer,
Date of publication, distribution, etc. c1992.
300 ## - PHYSICAL DESCRIPTION
Extent xvi, 301 p. ;
Dimensions 22 cm.
600 10 - SUBJECT ADDED ENTRY--PERSONAL NAME
Personal name Millman, Dan.
650 #0 - SUBJECT ADDED ENTRY--TOPICAL TERM
Topical term or geographic name as entry element Spiritual life.
856 42 - ELECTRONIC LOCATION AND ACCESS
Materials specified Publisher description
Uniform Resource Identifier <a href="http://www.loc.gov/catdir/enhancements/fy1505/92009545-d.html">http://www.loc.gov/catdir/enhancements/fy1505/92009545-d.html</a>
906 ## - LOCAL DATA ELEMENT F, LDF (RLIN)
a 7
b cbc
c orignew
d 1
e ocip
f 19
g y-gencatlg
942 ## - ADDED ENTRY ELEMENTS (KOHA)
Source of classification or shelving scheme
Koha item type Hard Covered Materials
Classification part BL624 .M49 1992
Holdings
Withdrawn status Lost status Source of classification or shelving scheme Damaged status Not for loan Home library Current library Date acquired Source of acquisition Cost, normal purchase price Total Checkouts Full call number Barcode Date last seen Date last checked out Price effective from Koha item type
          MACHAKOS UNIVERSITY LIBRARY MACHAKOS UNIVERSITY LIBRARY 28/07/2023 Donation (Kimanzi) 1109.00 2 BL624 .M49 1992 39584 07/01/2026 08/12/2025 28/07/2023 Hard Covered Materials
© Machakos University Library, Along The Highway, Machakos Wote Rd, Machakos, Kenya P.O. Box 136 - 90100 Machakos - Kenya

Tel: ( +254 ) 723 805829 OR Fax : 044-20353 OR Email: library@mksu.ac.ke